| 000 | 00548nam a22001817a 4500 | ||
|---|---|---|---|
| 999 |
_c8525 _d8525 |
||
| 008 | 201201b ||||| |||| 00| 0 eng d | ||
| 040 | _aBMS College of Architecture | ||
| 100 | _aShetty, Raj Kaushik | ||
| 245 | _aMaritime Museum | ||
| 300 | _aNA | ||
| 500 | _a1BM12AT029 | ||
| 502 |
_8B,Arch _NBMS College of Architecture, Visvesvaraya Technological University (VTU) _aProject report _d2017 |
||
| 650 | _aMuseum | ||
| 700 |
_aGirija Umashankar _eGuide |
||
| 700 |
_aSharath Ravi _eGuide |
||
| 700 |
_aRadhika Kulkarni _eGuide |
||
| 942 |
_2ddc _cTHE |
||